[Event "USCL Seattle vs San Francisco"]
[Site "Chess.com"]
[Date "2013.09.25"]
[Round "5"]
[White "Viswanadha, Kesav"]
[Black "Lee, Megan"]
[Result "1/2-1/2"]
[WhiteElo "2235"]
[BlackElo "2127"]
[PlyCount "232"]
[EventDate "2013.??.??"]
[EventCountry "USA"]

{Board 4, NM Viswanadha (San Francisco Mechanics) vs. WFM Lee (Seattle
Sluggers)  Time Control: Game in 75 with 30 second increment  Due to a lineup
change, on Board Two San Francisco will begin with 84 minutes while Seattle
will begin with 66.} 1. e4 e5 2. Nf3 Nc6 3. Bb5 a6 4. Ba4 Nf6 5. O-O b5 6. Bb3
Bc5 7. a4 Rb8 8. axb5 axb5 9. c3 d6 10. d4 Bb6 11. Na3 Bg4 12. Nxb5 O-O 13. Bc2
Bxf3 14. gxf3 Nh5 15. f4 Qh4 16. Qf3 Nxf4 17. Bxf4 Qxf4 18. Qxf4 exf4 19. Kg2
Ne7 20. h4 Rbd8 21. Kf3 f5 22. h5 fxe4+ 23. Bxe4 d5 24. Bd3 c6 25. Ra6 Nc8 26.
Na3 Rd6 27. Re1 Rh6 28. Re5 Bc7 29. Rg5 Ne7 30. Nc2 Bd6 31. b3 Rb8 32. b4 Kf7
33. Na1 g6 34. b5 Kf6 35. Kg4 Rc8 36. bxc6 Rc7 37. Nc2 gxh5+ 38. Kh4 Ng6+ 39.
Bxg6 hxg6 40. Rxd5 Ke6 41. c4 Rh8 42. Rb5 g5+ 43. Kh3 g4+ 44. Kg2 h4 45. c5 f3+
46. Kg1 Bf4 47. Ne1 Kd5 48. Nd3 Kc4 49. Rb7 Kxd3 50. d5 Re8 51. Ra3+ Ke2 52.
Rxc7 g3 53. Ra2+ Bd2 54. Ra1 gxf2+ 55. Kh1 Be1 56. Ra2+ Bd2 57. Ra1 Be1 58.
Ra2+ Kd1 59. Ra1+ Kc2 60. Ra2+ Kb1 61. Rxf2 Bxf2 62. Rb7+ Kc2 63. Rf7 Bxc5 64.
Rxf3 Bd6 65. Rf6 Rd8 66. Rxd6 Rxd6 67. c7 Rxd5 68. c8=Q+ Kd2 69. Qg4 Kc3 70.
Qxh4 Rd1+ 71. Kg2 Rd2+ 72. Kf3 Rd3+ 73. Ke2 Rd2+ 74. Ke1 Rd4 75. Qf6 Kc4 76.
Ke2 Kd5 77. Ke3 Rc4 78. Kd3 Rc6 79. Qf5+ Kd6 80. Kd4 Ke7 81. Kd5 Rf6 82. Qh7+
Rf7 83. Qh4+ Kd7 84. Qg4+ Kc7 85. Qe6 Rd7+ 86. Kc5 Kd8 87. Qe5 Re7 88. Qb8+ Kd7
89. Kd5 Rf7 90. Qb7+ Ke8 91. Qc8+ Ke7 92. Ke5 Rf1 93. Qc5+ Kd8 94. Qd6+ Ke8 95.
Qg6+ Ke7 96. Qg5+ Ke8 97. Qh5+ Kf8 98. Qh4 Rf7 99. Ke6 Kg8 100. Qh5 Rf1 101.
Qg4+ Kf8 102. Qb4+ Kg7 103. Qb7+ Kh6 104. Qg2 Rf8 105. Qg4 Kh7 106. Qh5+ Kg7
107. Qg5+ Kh7 108. Ke7 Rg8 109. Qh5+ Kg7 110. Qh4 Kg6 111. Qg4+ Kh7 112. Qf5+
Kh6 113. Qf3 Kh7 114. Qd3+ Kg7 115. Qf1 Kh7 116. Qf7+ Rg7 1/2-1/2

[Event "USCL New York vs Philadelphia"]
[Site "Chess.com"]
[Date "2013.09.25"]
[Round "5"]
[White "Gorman, Dov"]
[Black "Herman, Matt"]
[Result "1-0"]
[WhiteElo "2362"]
[BlackElo "2424"]
[PlyCount "103"]
[EventDate "2013.??.??"]
[EventCountry "USA"]

{Board 2, FM Gorman (Philadelphia Inventors) vs. SM Herman (New York Knights) 
Time Control: Game in 75 with 30 second increment} 1. d4 d5 2. Nf3 c6 3. c4 e6
4. Qc2 dxc4 5. Qxc4 Nf6 6. Nc3 b5 7. Qb3 Nbd7 8. Bf4 Be7 9. e3 O-O 10. Be2 b4
11. Na4 Qa5 12. O-O Ba6 13. Bxa6 Qxa6 14. Rac1 Rac8 15. Nc5 Qb5 16. Nxe6 fxe6
17. Qxe6+ Rf7 18. Ng5 Qd5 19. Qxf7+ Qxf7 20. Nxf7 Kxf7 21. Rc2 c5 22. Rfc1 Ke6
23. f3 Nd5 24. Bg3 c4 25. Rxc4 Rxc4 26. Rxc4 Nxe3 27. Rc6+ Kd5 28. Rc7 Ke6 29.
Bf2 Nd5 30. Rxa7 N7b6 31. Kf1 Nc4 32. Ra6+ Kd7 33. b3 Na3 34. Ke2 Nc3+ 35. Kd3
Nxa2 36. Be3 Bf6 37. Bd2 Kc7 38. Ra4 Be7 39. Ra7+ Kd8 40. g4 h6 41. f4 Ke8 42.
g5 hxg5 43. fxg5 g6 44. h4 Nc3 45. Rxa3 bxa3 46. Bxc3 Kd7 47. Kc4 Bd6 48. b4
Bg3 49. Kb3 Kc6 50. Kxa3 Kb5 51. h5 gxh5 52. g6 1-0

[Event "USCL New York vs Philadelphia"]
[Site "Chess.com"]
[Date "2013.09.25"]
[Round "5"]
[White "Chandra, Akshat"]
[Black "Minear, Peter"]
[Result "1-0"]
[WhiteElo "2395"]
[BlackElo "2385"]
[PlyCount "77"]
[EventDate "2013.??.??"]
[EventCountry "USA"]

{Board 3, FM Chandra (New York Knights) vs. NM Minear (Philadelphia Inventors)
Time Control: Game in 75 with 30 second increment} 1. e4 e5 2. Nf3 Nc6 3. Bb5
a6 4. Ba4 Nf6 5. O-O Be7 6. Re1 b5 7. Bb3 d6 8. c3 O-O 9. h3 Nb8 10. d4 Nbd7
11. Nbd2 Bb7 12. Bc2 Re8 13. Nf1 h6 14. Ng3 Bf8 15. a4 g6 16. Bd3 c6 17. Be3
Bg7 18. Qd2 Kh7 19. b3 Qc7 20. Rac1 Rad8 21. Qa2 Nf8 22. b4 Ne6 23. c4 bxc4 24.
Bxc4 exd4 25. Nxd4 Nxd4 26. Bxd4 Re7 27. Qe2 d5 28. Bxa6 dxe4 29. Bxf6 Bxf6 30.
Bxb7 Qxb7 31. Nxe4 Be5 32. Nc5 Qxb4 33. Nd3 Rxd3 34. Qxd3 Qxa4 35. g3 h5 36.
Re4 Qa8 37. Rce1 Qe8 38. Qe3 f6 39. f4 1-0

[Event "USCL New York vs Philadelphia"]
[Site "Chess.com"]
[Date "2013.09.25"]
[Round "5"]
[White "Dehmelt, Karl"]
[Black "Checa, Nicolas"]
[Result "0-1"]
[WhiteElo "2260"]
[BlackElo "2267"]
[PlyCount "134"]
[EventDate "2013.??.??"]
[EventCountry "USA"]

{Board 4, FM Dehmelt (Philadelphia Inventors) vs. NM Checa (New York Knights) 
Time Control: Game in 75 with 30 second increment} 1. e4 e6 2. d4 d5 3. e5 c5
4. dxc5 Nc6 5. Nf3 Bxc5 6. Bd3 Qc7 7. O-O Nge7 8. Nc3 a6 9. Re1 Ng6 10. Bxg6
hxg6 11. h3 Bd7 12. a3 Qb6 13. Na4 Bxf2+ 14. Kf1 Qa7 15. Re2 Ne7 16. Rxf2 Bxa4
17. Qd4 Qxd4 18. Nxd4 Nf5 19. Nxf5 gxf5 20. c3 Rc8 21. Be3 Kd7 22. Ke2 Rc4 23.
Rf4 Rh4 24. Rxh4 Rxh4 25. Bd4 Kc6 26. Re1 Kb5 27. Kd3 Bb3 28. Bf2 Rh6 29. h4
Rg6 30. g3 Rg4 31. Rg1 Ka4 32. Kd2 Bc4 33. Re1 Kb3 34. Kc1 f4 35. Rg1 fxg3 36.
Bxg3 g6 37. Bf2 Rf4 38. Bg3 Rf3 39. Be1 Re3 40. Bd2 Rxe5 41. Re1 Rf5 42. Be3
Rf3 43. Bd2 Rh3 44. Bg5 Rh2 45. Re3 Rc2+ 46. Kd1 Rxb2 47. Be7 Rh2 48. Rg3 Be2+
49. Ke1 Bh5 50. Re3 Rh1+ 51. Kf2 Rc1 52. Bf6 Rc2+ 53. Kg3 Re2 54. Rd3 Kc2 55.
Rd4 Re3+ 56. Kg2 Rxc3 57. a4 Rc4 58. a5 Rxd4 59. Bxd4 Kd3 60. Bb6 Kc3 61. Kf2
d4 62. Ke1 d3 63. Be3 Kc2 64. Bf4 e5 65. Bg5 f5 66. Be3 f4 67. Bd2 f3 0-1

[Event "USCL New Jersey vs Manhattan"]
[Site "Chess.com"]
[Date "2013.09.25"]
[Round "5"]
[White "Stripunsky, Alex"]
[Black "Izoria, Zviad"]
[Result "1/2-1/2"]
[WhiteElo "2651"]
[BlackElo "2624"]
[PlyCount "120"]
[EventDate "2013.??.??"]
[EventCountry "USA"]

{Board 1, GM Stripunsky (New Jersey Knockouts) vs. GM Izoria (Manhattan
Applesauce)  Time Control: Game in 75 with 30 second increment} 1. Nf3 d6 2. c4
g6 3. g3 Bg7 4. Bg2 c5 5. O-O Nc6 6. Nc3 e6 7. d3 Nge7 8. Bd2 b6 9. a3 Bb7 10.
Rb1 Qd7 11. b4 O-O 12. Nb5 Rad8 13. Bc3 e5 14. Ba1 Nd4 15. Nbxd4 cxd4 16. Qb3
h6 17. Bb2 g5 18. b5 Ng6 19. a4 d5 20. Nd2 dxc4 21. Qxc4 Rc8 22. Qb3 Bxg2 23.
Kxg2 Kh7 24. Rbc1 f5 25. Rxc8 Rxc8 26. Rc1 Rxc1 27. Bxc1 Ne7 28. Nc4 Nd5 29.
Bd2 g4 30. h3 h5 31. hxg4 hxg4 32. Qd1 Kg6 33. Qh1 Qe6 34. Qc1 f4 35. Nb2 fxg3
36. Kxg3 Nf4 37. Qc6 Nxe2+ 38. Kg2 Kf7 39. Nc4 Qxc6+ 40. bxc6 Ke6 41. c7 Kd7
42. Nd6 Kxc7 43. Ne8+ Kc6 44. Nxg7 Nc3 45. Kf1 Nxa4 46. Ke2 a5 47. Nh5 Nc5 48.
Nf6 a4 49. Bb4 Na6 50. Ba3 b5 51. Kd2 b4 52. Bc1 Nc5 53. Nxg4 e4 54. dxe4 Nxe4+
55. Kc2 Kd5 56. f4 Nc5 57. f5 a3 58. Kb1 d3 59. Nf2 Ke5 60. Be3 Nd7 1/2-1/2

[Event "USCL New Jersey vs Manhattan"]
[Site "Chess.com"]
[Date "2013.09.25"]
[Round "5"]
[White "Katz, Alexander"]
[Black "Goldenberg, Ryan"]
[Result "0-1"]
[WhiteElo "2362"]
[BlackElo "2348"]
[PlyCount "126"]
[EventDate "2013.??.??"]
[EventCountry "USA"]

{Board 3, NM Katz (New Jersey Knockouts) vs. NM Goldenberg (Manhattan
Applesauce)  Time Control: Game in 75 with 30 second increment} 1. e4 e6 2. d4
d5 3. exd5 exd5 4. c4 Nf6 5. Nc3 Be7 6. Nf3 O-O 7. Bd3 Bg4 8. O-O Nc6 9. Be3
Nb4 10. c5 Nxd3 11. Qxd3 Bxf3 12. gxf3 Qd7 13. Ne2 g6 14. Kg2 Nh5 15. Ng3 Ng7
16. Rh1 Bh4 17. Rae1 Rfe8 18. Qd2 Ne6 19. Rhg1 Re7 20. Kh1 Kh8 21. Ne2 Ng7 22.
Ng3 Rae8 23. Bf4 Bf6 24. Rxe7 Rxe7 25. Bg5 Qe6 26. Qf4 Bxg5 27. Qxg5 f6 28. Qf4
Kg8 29. Kg2 g5 30. Qg4 Kf7 31. Rd1 Kg6 32. Rd3 f5 33. Qh3 f4 34. Qxe6+ Rxe6 35.
Nf1 Nf5 36. Nd2 Re1 37. Nf1 Nh4+ 38. Kg1 Kf5 39. h3 h5 40. Ra3 Rb1 41. Rb3 b6
42. cxb6 axb6 43. a3 Ke6 44. a4 Kd6 45. Rd3 Rxb2 46. Ra3 Rb1 47. Rc3 Rd1 48. a5
bxa5 49. Kh2 Rxd4 50. Ra3 a4 51. Rc3 c5 52. Ra3 Kc6 53. Rc3 c4 54. Ra3 Kb5 55.
Kg1 Kb4 56. Ra1 Nxf3+ 57. Kg2 Nh4+ 58. Kh2 c3 59. Rc1 a3 60. Ra1 c2 61. Rc1 Kb3
62. Rb1+ cxb1=Q 63. Nd2+ Kc3 0-1

[Event "USCL New Jersey vs Manhattan"]
[Site "Chess.com"]
[Date "2013.09.25"]
[Round "5"]
[White "Harriott, Tyrell"]
[Black "Manuelian, Haik der"]
[Result "0-1"]
[WhiteElo "2197"]
[BlackElo "2032"]
[PlyCount "138"]
[EventDate "2013.??.??"]
[EventCountry "USA"]

{Board 4, Harriott (Manhattan Applesauce) vs. Manuelian (New Jersey Knockouts)
Time Control: Game in 75 with 30 second increment  Upset Prize Winner (Week 5)
} 1. d4 Nf6 2. e3 c5 3. Bd3 d5 4. c3 Nc6 5. f4 Bg4 6. Nf3 e6 7. O-O Bd6 8. Qe1
cxd4 9. exd4 Bxf3 10. Rxf3 Qc7 11. h3 O-O-O 12. b4 h6 13. Na3 Be7 14. Nb5 Qb8
15. a4 Rdg8 16. Rf1 g5 17. f5 e5 18. dxe5 Nxe5 19. Be2 a6 20. Nd4 Bd6 21. Be3
g4 22. h4 Ne4 23. a5 Nf3+ 24. Nxf3 gxf3 25. Rxf3 Bh2+ 26. Kf1 Rg3 27. Bf2 Rhg8
28. Bxg3 Rxg3 29. Rd1 Qe5 30. Rd4 Qg7 31. Rxg3 Bxg3 32. Qc1 Qf6 33. Bg4 Qxh4
34. Bh3 Be5 35. Qe3 Bxd4 36. cxd4 f6 37. Kg1 Qh5 38. Qc1+ Kb8 39. Qf4+ Kc8 40.
Bg4 Qh4 41. Qc1+ Kd7 42. Qf4 Kc8 43. Qc1+ Kd7 44. Bf3 Qf2+ 45. Kh2 Qg3+ 46. Kg1
Qf2+ 47. Kh2 Nd2 48. Bxd5 Nf1+ 49. Kh1 Qh4+ 50. Kg1 Qh2+ 51. Kf2 Qh4+ 52. Ke2
Ng3+ 53. Kd3 Nxf5 54. Qc4 Qg3+ 55. Bf3 Nd6 56. Qd5 Qg6+ 57. Kc3 Qg3 58. Kb3 Qg5
59. Qc5 Qe3+ 60. Qc3 Qg1 61. d5 Qb1+ 62. Qb2 Qd3+ 63. Ka2 Nc4 64. Qb3 Qxb3+ 65.
Kxb3 Nd2+ 66. Kc3 Nxf3 67. gxf3 Kd6 68. Kc4 h5 69. b5 h4 0-1

[Event "USCL Boston vs Baltimore"]
[Site "Chess.com"]
[Date "2013.09.25"]
[Round "5"]
[White "Enkhbat, Tegshsuren"]
[Black "Shmelov, Denys"]
[Result "1/2-1/2"]
[WhiteElo "2492"]
[BlackElo "2465"]
[PlyCount "134"]
[EventDate "2013.??.??"]
[EventCountry "USA"]

{Board 2, IM Enkhbat (Baltimore Kingfishers) vs. SM Shmelov (Boston Blitz) 
Time Control: Game in 75 with 30 second increment} 1. d4 d5 2. c4 c6 3. Nf3 Nf6
4. e3 Bf5 5. Nc3 e6 6. Nh4 Bg6 7. Qb3 Qc7 8. Bd2 Nbd7 9. Rc1 Nb6 10. cxd5 exd5
11. Be2 Be7 12. h3 O-O 13. Nxg6 hxg6 14. O-O Qd6 15. Rfd1 Bd8 16. a4 Bc7 17. g3
Nh5 18. Be1 a5 19. e4 dxe4 20. Nxe4 Qd5 21. Qxd5 Nxd5 22. Nc5 Ra7 23. Bf3 Nhf6
24. Rd3 Bd6 25. Rb3 Rb8 26. Nd3 Re8 27. Bd2 Kf8 28. Nc5 Re7 29. h4 Bxc5 30.
dxc5 Ne4 31. Be1 Nxc5 32. Bxd5 cxd5 33. Rxc5 Rxe1+ 34. Kg2 Re4 35. Rxd5 Rxa4
36. Re3 Ra8 37. Rd7 Kg8 38. Ree7 Rf8 39. Rxb7 Ra2 40. g4 a4 41. Re3 Ra8 42. Rf3
Rf8 43. g5 Ra1 44. Ra3 Rxa3 45. bxa3 Ra8 46. f3 Kf8 47. Kg3 Ra5 48. Kg4 Rc5 49.
Rb4 Ra5 50. f4 Ke7 51. Rb8 Rc5 52. Rb4 Ra5 53. h5 gxh5+ 54. Kxh5 Kf8 55. Kg4 g6
56. Kf3 Ke7 57. Ke3 Ke6 58. Ke4 Ra6 59. Rc4 Ra5 60. Rc6+ Ke7 61. Rb6 Rc5 62.
Ra6 Rc4+ 63. Ke5 Ke8 64. Ra7 Kf8 65. Ra5 Kg7 66. f5 gxf5 67. Kxf5 Rd4 1/2-1/2

[Event "USCL Boston vs Baltimore"]
[Site "Chess.com"]
[Date "2013.09.25"]
[Round "5"]
[White "Esserman, Marc"]
[Black "Bregadze, Levan"]
[Result "1/2-1/2"]
[WhiteElo "2569"]
[BlackElo "2469"]
[PlyCount "84"]
[EventDate "2013.??.??"]
[EventCountry "USA"]

{Board 1, IM Esserman (Boston Blitz) vs. IM Bregadze (Baltimore Kingfishers) 
Time Control: Game in 75 with 30 second increment} 1. e4 d6 2. d4 g6 3. Nc3 Bg7
4. Be3 Nf6 5. Nf3 O-O 6. Be2 c6 7. a4 Nbd7 8. O-O e5 9. dxe5 dxe5 10. Nd2 Qe7
11. Nc4 Nc5 12. Qd6 Qxd6 13. Nxd6 Ne6 14. Rfd1 Nd4 15. Bxd4 exd4 16. Rxd4 Nd5
17. Nxd5 Bxd4 18. Ne7+ Kg7 19. Nexc8 Raxc8 20. Nxc8 Rxc8 21. c3 Bf6 22. Rd1 Rd8
23. Bd3 Be5 24. g3 g5 25. Kf1 b5 26. axb5 cxb5 27. Ke2 b4 28. cxb4 Bxb2 29. f4
h6 30. Rd2 Bc3 31. Ra2 Bd4 32. Rc2 Bb6 33. Bc4 Rd4 34. Kf3 g4+ 35. Kxg4 Rxe4
36. b5 Rd4 37. Be2 Rd5 38. h4 Rc5 39. Rd2 Rc3 40. h5 Bf2 41. Rd7 Rxg3+ 42. Kf5
Rc3 1/2-1/2

[Event "USCL Boston vs Baltimore"]
[Site "Chess.com"]
[Date "2013.09.25"]
[Round "5"]
[White "Zheng, Andrew"]
[Black "Krasik, Ilya"]
[Result "1/2-1/2"]
[WhiteElo "2159"]
[BlackElo "2286"]
[PlyCount "117"]
[EventDate "2013.??.??"]
[EventCountry "USA"]

{Board 4, NM Zheng (Baltimore Kingfishers) vs. NM Krasik (Boston Blitz)   Time
Control: Game in 75 with 30 second increment} 1. e4 c5 2. Nf3 g6 3. d4 cxd4 4.
Nxd4 Nc6 5. Nc3 Bg7 6. Be3 Nf6 7. Bc4 O-O 8. Bb3 e6 9. f3 d5 10. O-O Qa5 11.
Qe1 dxe4 12. Nxc6 bxc6 13. fxe4 Ng4 14. Bf4 Ba6 15. Rf3 Rad8 16. Na4 Bd4+ 17.
Kh1 Qxe1+ 18. Rxe1 Nf2+ 19. Rxf2 Bxf2 20. Rc1 c5 21. c4 f6 22. Rf1 Bd4 23. Bd2
f5 24. Bh6 Rf7 25. e5 f4 26. Bg5 Rdd7 27. Bf6 Be3 28. Nc3 Bb7 29. Rd1 Rxd1+ 30.
Bxd1 Rd7 31. Bg4 Kf7 32. Bf3 Bxf3 33. gxf3 Rd2 34. Ne4 Rxb2 35. Ng5+ Ke8 36.
Nxe6 h6 37. Nc7+ Kf7 38. Bd8 Rb6 39. e6+ Rxe6 40. Nxe6 Kxe6 41. Bc7 Kd7 42. Ba5
Ke6 43. Bc7 g5 44. Kg2 Bd4 45. h4 Be5 46. Ba5 gxh4 47. Kh3 Bf6 48. Bc7 Kf5 49.
Bd6 Bd4 50. Kxh4 Be3 51. Kh5 a6 52. Kxh6 Ke6 53. Bb8 Kf5 54. Kh5 Bf2 55. Bd6
Be3 56. Kh6 Bd4 57. Kh5 Bf2 58. Kh6 Bd4 59. Kh5 1/2-1/2

[Event "USCL Boston vs Baltimore"]
[Site "Chess.com"]
[Date "2013.09.25"]
[Round "5"]
[White "Martirosov, Vadim"]
[Black "Kaufman, Larry"]
[Result "1/2-1/2"]
[WhiteElo "2349"]
[BlackElo "2401"]
[PlyCount "63"]
[EventDate "2013.??.??"]
[EventCountry "USA"]

{Board 3, NM Martirosov (Boston Blitz) vs. GM Kaufman (Baltimore Kingfishers) 
Time Control: Game in 75 with 30 second increment} 1. d4 d5 2. c4 e6 3. Nf3 Nf6
4. g3 Bb4+ 5. Bd2 Be7 6. Bg2 O-O 7. O-O c6 8. Qc2 b6 9. Bf4 Bb7 10. Nbd2 Nh5
11. cxd5 Nxf4 12. gxf4 cxd5 13. Rfc1 Nc6 14. Qa4 Qd7 15. e3 Rfc8 16. Bf1 a6 17.
Qb3 Qd8 18. Ne5 Na5 19. Qd1 f6 20. Nef3 Qe8 21. Bh3 Bd6 22. Rxc8 Bxc8 23. Rc1
Bd7 24. Nh4 Rc8 25. Rxc8 Qxc8 26. f5 e5 27. dxe5 Bxe5 28. Bg2 Bxf5 29. Nxf5
Qxf5 30. Nb3 Bxb2 31. Nxa5 bxa5 32. Qxd5+ 1/2-1/2

[Event "USCL New England vs Connecticut"]
[Site "Chess.com"]
[Date "2013.09.25"]
[Round "5"]
[White "Shankland, Sam"]
[Black "Kekelidze, Mikheil"]
[Result "0-1"]
[WhiteElo "2673"]
[BlackElo "2576"]
[PlyCount "126"]
[EventDate "2013.??.??"]
[EventCountry "USA"]

{Board 1, GM Shankland (New England Nor'easters) vs. GM Kekelidze (Connecticut
Dreadnoughts)  Time Control: Game in 75 with 30 second increment} 1. d4 Nf6 2.
c4 c5 3. d5 b5 4. cxb5 a6 5. f3 g6 6. e4 d6 7. Na3 Bg7 8. Ne2 axb5 9. Nxb5 O-O
10. Nec3 Ne8 11. Bc4 Nd7 12. O-O Nc7 13. a4 Ba6 14. Be3 Nb6 15. Bd3 Qd7 16. Qd2
Rfb8 17. Rfb1 h5 18. Nxc7 Qxc7 19. Bxa6 Rxa6 20. b3 Nd7 21. Ra2 Qa5 22. Rc2 c4
23. bxc4 Rxb1+ 24. Nxb1 Qxa4 25. Rc1 Qb3 26. Nc3 Ra3 27. Nd1 Ra2 28. Qe1 Ne5
29. Rc3 Qb4 30. Kf1 Nxc4 31. Rc1 Qb3 32. Bf2 Bh6 33. Rc3 Qb5 34. Kg1 Ne5 35.
Rc8+ Kh7 36. Nc3 Qa6 37. Nxa2 Qxc8 38. Qc3 Qa6 39. Nb4 Qe2 40. Qc2 Bd2 41. h4
Nc4 42. Qd3 Qd1+ 43. Kh2 Ne5 44. Qc2 Bf4+ 45. g3 Nxf3+ 46. Kg2 Ne1+ 47. Bxe1
Qxe1 48. gxf4 Qxb4 49. Qe2 Qd4 50. Qf3 Kg7 51. Kh3 Qd2 52. Kg3 Qe1+ 53. Kh3 Qg1
54. Qe2 Qd4 55. Qf3 e6 56. dxe6 fxe6 57. Qe2 Qc3+ 58. Kg2 Qf6 59. Kg3 e5 60.
fxe5 Qxe5+ 61. Kf3 g5 62. hxg5 Qxg5 63. Qb2+ Qf6+ 0-1

[Event "USCL New England vs Connecticut"]
[Site "Chess.com"]
[Date "2013.09.25"]
[Round "5"]
[White "Rohde, Michael"]
[Black "Winer, Steven"]
[Result "1/2-1/2"]
[WhiteElo "2548"]
[BlackElo "2409"]
[PlyCount "140"]
[EventDate "2013.??.??"]
[EventCountry "USA"]

{Board 2, GM Rohde (Connecticut Dreadnoughts) vs. FM Winer (New England
Nor'easters)  Time Control: Game in 75 with 30 second increment} 1. Nf3 Nf6 2.
c4 g6 3. Nc3 d5 4. cxd5 Nxd5 5. Qa4+ Nc6 6. Ne5 Qd6 7. Nxc6 Qxc6 8. Qxc6+ bxc6
9. g3 Bg7 10. Bg2 Be6 11. O-O O-O 12. e3 Rab8 13. d4 Rfd8 14. Na4 Nb4 15. b3
Bf5 16. Bb2 e5 17. dxe5 Rd2 18. Bd4 Nxa2 19. Nc5 Bf8 20. Bxc6 Rc2 21. Be4 Bxe4
22. Nxe4 c5 23. Bxc5 Bxc5 24. Nxc5 Rxc5 25. Rxa2 Rxe5 26. Rxa7 Rxb3 27. Rc1 Rb6
28. Rc4 Rbe6 29. Rcc7 Rf6 30. Kg2 h5 31. h3 Rb5 32. Rc2 Rb4 33. Re7 Kf8 34. Re5
Rfb6 35. Rc7 Rb7 36. Rxb7 Rxb7 37. g4 hxg4 38. hxg4 Rb2 39. g5 Ra2 40. Kg3 Re2
41. f3 Kg7 42. e4 Re1 43. Ra5 Re2 44. Ra6 Kf8 45. Kf4 Kg7 46. Ke5 Rb2 47. Rd6
Rb5+ 48. Rd5 Rb1 49. f4 Re1 50. Rd4 Rg1 51. Kd6 Rf1 52. e5 Kf8 53. Kd7 Rf2 54.
Kd6 Rf1 55. e6 fxe6 56. Kxe6 Kg7 57. Rd7+ Kg8 58. Kf6 Rxf4+ 59. Kxg6 Rf8 60.
Rg7+ Kh8 61. Rf7 Ra8 62. Kh6 Kg8 63. Rg7+ Kh8 64. Rb7 Kg8 65. g6 Rc8 66. Rg7+
Kh8 67. Rb7 Kg8 68. Rd7 Ra8 69. Rb7 Rc8 70. Ra7 Rb8 1/2-1/2

[Event "USCL New England vs Connecticut"]
[Site "Chess.com"]
[Date "2013.09.25"]
[Round "5"]
[White "Tanenbaum, Zachary"]
[Black "Times, Lawyer"]
[Result "0-1"]
[WhiteElo "2143"]
[BlackElo "2261"]
[PlyCount "98"]
[EventDate "2013.??.??"]
[EventCountry "USA"]

{Board 4, Tanenbaum (Connecticut Dreadnoughts) vs. NM Times (New England
Nor'easters)  Time Control: Game in 75 with 30 second increment} 1. e4 Nf6 2.
e5 Nd5 3. d4 d6 4. c4 Nb6 5. exd6 cxd6 6. Nc3 g6 7. h3 Bg7 8. Nf3 O-O 9. Be2
Nc6 10. O-O Bf5 11. Bg5 h6 12. Be3 d5 13. c5 Nc4 14. Bc1 g5 15. Bd3 Bxd3 16.
Qxd3 e6 17. b3 N4a5 18. Rb1 b6 19. cxb6 Qxb6 20. Na4 Qc7 21. Ba3 Rfc8 22. Rfc1
Qf4 23. g3 Qe4 24. Rd1 Nb7 25. Nc5 Qxd3 26. Rxd3 Bf8 27. b4 Nd6 28. b5 Na5 29.
Nd7 Nac4 30. Bc5 Bg7 31. Rdb3 Rd8 32. Bxd6 Rxd7 33. Bc5 Rc7 34. Re1 e5 35. b6
axb6 36. Bxb6 Nxb6 37. Rxb6 e4 38. Ne5 Rxa2 39. Rb8+ Kh7 40. Rd8 Rcc2 41. Rf1
Bxe5 42. dxe5 Rd2 43. Rc1 Rxf2 44. Rcc8 Rg2+ 45. Kf1 Rxg3 46. Rf8 Rxh3 47.
Rxf7+ Kg6 48. Rf6+ Kh5 49. e6 Rh1# 0-1

[Event "USCL New England vs Connecticut"]
[Site "Chess.com"]
[Date "2013.09.25"]
[Round "5"]
[White "Brattain, Mika"]
[Black "Bonin, Jay"]
[Result "1/2-1/2"]
[WhiteElo "2364"]
[BlackElo "2436"]
[PlyCount "58"]
[EventDate "2013.??.??"]
[EventCountry "USA"]

{Board 3, NM Brattain (New England Nor'easters) vs. IM Bonin (Connecticut
Dreadnoughts)  Time Control: Game in 75 with 30 second increment} 1. Nf3 Nf6 2.
c4 g6 3. Nc3 Bg7 4. e4 d6 5. d4 O-O 6. Be2 Bg4 7. Be3 Nc6 8. d5 Bxf3 9. Bxf3
Ne5 10. Be2 c6 11. O-O Qa5 12. f4 Ned7 13. a3 Rfc8 14. b4 Qd8 15. Rc1 a5 16.
Qb3 axb4 17. dxc6 Rxc6 18. axb4 Rca6 19. Nb5 Nxe4 20. Bf3 d5 21. Qd3 Ndf6 22.
Rfd1 e6 23. cxd5 exd5 24. Bxe4 Nxe4 25. Nc7 Ra3 26. Qxd5 Qxd5 27. Nxd5 Nc3 28.
Nxc3 Rxc3 29. Rxc3 Bxc3 1/2-1/2

[Event "USCL Connecticut vs Manhattan"]
[Site "Chess.com"]
[Date "2013.10.01"]
[Round "6"]
[White "Hess, Robert"]
[Black "Izoria, Zviad"]
[Result "0-1"]
[WhiteElo "2636"]
[BlackElo "2624"]
[PlyCount "90"]
[EventDate "2013.??.??"]
[EventCountry "USA"]

{Board 1, GM Hess (Connecticut Dreadnoughts) vs. GM Izoria (Manhattan
Applesauce)  Time Control: Game in 75 with 30 second increment} 1. c4 e5 2. Nc3
Nf6 3. Nf3 Nc6 4. e3 d5 5. cxd5 Nxd5 6. Bb5 Nxc3 7. bxc3 Bd6 8. d4 e4 9. Nd2
Qg5 10. Bf1 Qg6 11. g3 h5 12. Bg2 f5 13. Qb3 h4 14. Nc4 hxg3 15. Nxd6+ cxd6 16.
hxg3 Rxh1+ 17. Bxh1 Qf7 18. c4 b6 19. Bd2 Bd7 20. Bg2 Ke7 21. Bc3 Rh8 22. d5
Na5 23. Bxa5 bxa5 24. Rd1 Qf6 25. Rd4 Qf8 26. Qc3 Kf7 27. Rd2 Qd8 28. Rb2 Qc7
29. f3 exf3 30. Bxf3 Rc8 31. Bh5+ Kg8 32. Bg6 Rf8 33. Rh2 Rf6 34. Bh7+ Kf7 35.
Qd4 Qb6 36. Rb2 Qc7 37. Rh2 Qb6 38. Qxb6 axb6 39. e4 g6 40. Rb2 fxe4 41. Rxb6
Kg7 42. Kd2 Kxh7 43. c5 Bg4 44. cxd6 Rf3 45. Rb5 e3+ 0-1

[Event "USCL Connecticut vs Manhattan"]
[Site "Chess.com"]
[Date "2013.10.01"]
[Round "6"]
[White "Colas, Joshua"]
[Black "Goldenberg, Ryan"]
[Result "0-1"]
[WhiteElo "2405"]
[BlackElo "2348"]
[PlyCount "106"]
[EventDate "2013.??.??"]
[EventCountry "USA"]

{Board 3, SM Colas (Connecticut Dreadnoughts) vs. NM Goldenberg (Manhattan
Applesauce)  Time Control: Game in 75 with 30 second increment} 1. d4 Nf6 2.
Nf3 c5 3. c4 cxd4 4. Nxd4 e6 5. Nc3 Nc6 6. e3 Bb4 7. Ndb5 O-O 8. a3 Bxc3+ 9.
Nxc3 d5 10. cxd5 exd5 11. Bd3 Bg4 12. Be2 Bxe2 13. Nxe2 Qb6 14. O-O Rfd8 15.
Kh1 Ne4 16. f3 Nc5 17. b4 Ne6 18. f4 f6 19. Qd3 a5 20. Bd2 axb4 21. axb4 Rxa1
22. Rxa1 Nc7 23. Rc1 Re8 24. h4 Re7 25. h5 Rd7 26. Qf5 Rd6 27. h6 g6 28. Qd3
Qb5 29. Qxb5 Nxb5 30. Rc5 Nc7 31. b5 Ne6 32. Rc1 Na7 33. Nc3 Kf7 34. Ra1 Nc8
35. Ra8 Rd8 36. Rb8 Nd6 37. Rxd8 Nxd8 38. Nxd5 Nxb5 39. e4 Nd6 40. e5 Ne4 41.
Ba5 Nc6 42. Bc7 Ke6 43. exf6 Nxf6 44. Nxf6 Kxf6 45. Kg1 Kf5 46. Kf2 Kg4 47. Bd6
Nd4 48. Be5 Nf5 49. Ke2 Nxh6 50. Kd3 Nf5 51. Ke4 h5 52. Kd5 Ne3+ 53. Ke6 Nxg2
0-1

[Event "USCL Connecticut vs Manhattan"]
[Site "Chess.com"]
[Date "2013.10.01"]
[Round "6"]
[White "Smith, Shaun"]
[Black "Chandran, Kapil"]
[Result "0-1"]
[WhiteElo "2061"]
[BlackElo "2330"]
[PlyCount "116"]
[EventDate "2013.??.??"]
[EventCountry "USA"]

{Board 4, Smith (Manhattan Applesauce) vs. NM Chandran (Connecticut
Dreadnoughts)  Time Control: Game in 75 with 30 second increment} 1. Nf3 c5 2.
c4 Nf6 3. Nc3 e6 4. d4 cxd4 5. Nxd4 a6 6. e3 Qc7 7. Be2 b6 8. Bf3 Bb7 9. Bxb7
Qxb7 10. Qf3 Qxf3 11. Nxf3 d6 12. b3 Nbd7 13. Bb2 Be7 14. Ke2 O-O 15. Rhd1 Rfc8
16. Nd4 Nc5 17. f3 g6 18. e4 Ncd7 19. Rac1 Bf8 20. Nc2 b5 21. Ne3 Rab8 22. Nb1
b4 23. g3 e5 24. Nd5 Nxd5 25. cxd5 Nc5 26. Nd2 a5 27. Rc4 Bh6 28. Rdc1 f6 29.
R1c2 Kf7 30. Bc1 Rb7 31. Nf1 Bxc1 32. Rxc1 Ra8 33. Ne3 a4 34. bxa4 Rxa4 35.
R1c2 Ra3 36. Rb2 b3 37. axb3 Nxb3 38. Kf2 Raa7 39. Nc2 f5 40. Nb4 Nd4 41. f4
fxe4 42. fxe5 dxe5 43. Ke3 Nf5+ 44. Kf2 Nd6 45. Rcc2 Ra5 46. Nc6 Rxb2 47. Rxb2
Rxd5 48. Ra2 Kf6 49. h4 Nf5 50. Nb4 Rb5 51. Ra6+ Kg7 52. Ra7+ Kh6 53. Nc6 Nd4
54. Ne7 Rb2+ 55. Kf1 Kh5 56. Ng8 Kg4 57. Nf6+ Kf3 58. Ra3+ e3 0-1